Irregular French - Statistics

General Stats
  • This quiz has been taken 25 times
    23 since last reset
  • The average score is 20 of 24
Answer Stats
Hint Answer % Correct
Avoir (Je) J'ai
100%
Avoir (Il/Elle) Il a/Elle a
90%
Faire (Il/Elle) Il fait/Elle fait
90%
Aller (Il/Elle) Il va/Elle va
90%
Faire (Je) Je fais
90%
Aller (Nous) Nous allons
90%
Avoir (Nous) Nous avons
90%
Étre (Nous) Nous sommes
90%
Avoir (Tu) Tu as
90%
Aller (Tu) Tu vas
90%
Aller (Vous) Vous allez
90%
Avoir (Vous) Vous avez
90%
Étre (Il/Elle) Il est/Elle est
80%
Avoir (Ils/Elles) Ils ont/Elles ont
80%
Étre (Ils/Elles) Ils sont/Elles sont
80%
Aller (Ils/Elles) Ils vont/Elles vont
80%
Étre (Je) Je suis
80%
Faire (Nous) Nous Faisons
80%
Étre (Tu) Tu es
80%
Faire (Tu) Tu fais
80%
Étre (Vous) Vous étes
80%
Faire (Ils/Elles) Ils font/Elles font
70%
Aller (Je) Je vais
70%
Faire (Vous) Vous faites
60%
No matching quizzes found
Score Distribution
Percent of People with Each Score
Percentile by Number Answered
Your Score History
You have not taken this quiz since the last reset